| 000 | 01295nac a22003251i 4500 | ||
|---|---|---|---|
| 003 | EG-ScBUE | ||
| 005 | 20240826111301.0 | ||
| 008 | 240826s2004 gw a f b 001 0 eng d | ||
| 020 | _a3540208356 | ||
| 020 | _a9783540208358 | ||
| 035 | _a(CStRLIN)CTYA6616507-B | ||
| 035 | _a(CtY)6616507 | ||
| 040 |
_aEG-ScBUE _beng _erda _cEG-ScBUE _dEG-ScBUE |
||
| 082 | 0 | 4 |
_a510 _bMAZ _222 |
| 100 | 1 |
_aMazzola, G., _eauthor. |
|
| 245 | 1 | 0 |
_aComprehensive mathematics for computer scientists / _cGuerino Mazzola, Gérard Milmeister, Jody Weissmann. |
| 264 | 1 |
_aBerlin ; _aNew York : _bSpringer, _c2004. |
|
| 300 |
_axii, 357 pages : _billustrations ; _c24 cm. |
||
| 336 |
_2rdacontent _atext _btxt |
||
| 337 |
_aunmediated _2rdamedia _bn |
||
| 338 |
_avolume _bnc _2rdacarrier |
||
| 490 | 0 | _aUniversitext | |
| 504 | _aIncludes bibliographical references and index. | ||
| 505 | 1 | 0 |
_g1. _tSets and numbers, graphs and algebra, logic and machines, linear geometry -- 2. _tCalculus and ODEs, Splines, Probability, Fourier and Wavelet Theory, Fractals and Neural Networks, Categories and Lambda Calculus. |
| 650 | 7 |
_aComputer science _xMathematics. _2BUEsh |
|
| 655 | _vReading book | ||
| 700 | 1 |
_aMilmeister, Gérard, _eauthor. |
|
| 700 | 1 |
_aWeissmann, Jody, _eauthor. |
|
| 942 |
_cBB _2ddc |
||
| 999 |
_c1235 _d1235 |
||